Joueurs de l'OM - Statistiques

Statistiques générales
  • Ce quiz a été pris 289 fois
  • Le résultat moyen est 10 sur 18
Answers on the Grid
Answers color-coded by a green-red scale on the quiz's grid according to % correct below.
Rulli
Medina
Rabiot
Emerson
Luis Henrique
Aguerd
Pavard
Merlin
Greenwood
Aubamayang
Brassier
De Lange
Paixao
Vermeeren
Bakola
Rongier
Koné
Angel Gomes
Maupay
Balerdi
Moumbagna
Ounahi
Kondogbia
O'Riley
Ndiaye
Vaz
Sarr
Lirola
 
Statistiques - réponses
Réponse % Correct
Rulli
96%
Medina
82%
Greenwood
60%
Pavard
60%
Aguerd
59%
Aubamayang
58%
Paixao
58%
Balerdi
56%
Vermeeren
54%
Emerson
53%
O'Riley
51%
Angel Gomes
49%
Kondogbia
49%
Vaz
49%
Maupay
48%
Bakola
46%
De Lange
45%
Lirola
41%
Aucun quiz correspondant
Distribution des résultats
% des personnes avec chaque résultat
Percentile par nombre de réponses
Votre historique - résultats
Vous n’avez pas pris ce quiz